000 00799nam a22001937a 4500
999 _c60233
_d60233
003 Ge_BSU
005 20230621102734.0
008 230621s1965 ge ||||| |||| 00| 0 geo d
041 _ageo
080 _a821.14'01(092ეზოპე) ბ-11
100 _aბააკაშვილი, ვახტანგ
_918842
245 _aეზოპე /
_cვახტანგ ბააკაშვილი; რედ. ც. ცერცვაძე.
264 _aთბილისი :
_bნაკადული,
_c1965.
300 _a134 გვ. ;
_b20 სმ.
490 _aგამოჩენილ ადამიანთა ცხოვრება ; 23
653 _aეზოპე
700 _aცერცვაძე, ც.
_eრედაქტორი
_918843
942 _2udc
_cBK